Código de aguas: edición oficial, aprobada por Decreto N§1.195, de 21 de noviembre de 1996, del Ministerio de Justicia

Uloženo v:
Podrobná bibliografie
Médium: Kniha
Jazyk:španělština
Vydáno: Santiago Jurídica de Chile 2002
Vydání:15a. ed
Témata:
Tagy: Přidat tag
Žádné tagy, Buďte první, kdo vytvoří štítek k tomuto záznamu!

MARC

LEADER 00000nam a2200000 a 4500
001 UCM1194
003 CL-VaPUC
008 020328e20020300CL |||||||||||||||||spa|d
082 0 4 |a 346.04691  |b COD  |2 21 
245 1 0 |a Código de aguas: edición oficial, aprobada por Decreto N§1.195, de 21 de noviembre de 1996, del Ministerio de Justicia 
250 |a 15a. ed 
300 |a 272 p 
942 |c BK 
945 |d 20020328 00:00:00  |a vberengu 
260 |a Santiago  |b Jurídica de Chile  |c 2002 
650 0 |a Derecho de aguas  |9 257148 
650 0 |a Aprovechamiento de aguas  |9 368432 
650 0 |a Procedimientos administrativos  |9 430309 
650 0 |a Aguas subterráneas  |9 260378 
650 0 |a Agua  |9 257149 
583 |a last modification  |c 20020328 00:00:00  |k Rodrigo Vera 
999 |c 299796  |d 299794 
952 |0 0  |1 0  |4 0  |6 346_046910000000000_COD_2002  |7 0  |8 A  |9 356705  |a BIBING  |b BIBING  |d 2019-11-21  |i 3800830  |o 346.04691 COD 2002  |p 3800830  |r 2025-01-20  |w 2019-11-21  |y BK  |k ING 
952 |0 0  |1 0  |2 ddc  |4 0  |6 346_046910000000000_COD_2002  |7 0  |8 FOND_LRYV  |9 356706  |a BIBDER  |b BIBDER  |d 2019-11-21  |i 3806170  |o 346.04691 COD 2002  |p 3806170  |r 2023-01-25  |w 2019-11-21  |y BK_X  |k DER 
952 |0 0  |1 0  |2 ddc  |4 0  |6 346_046910000000000_COD_2002  |7 0  |8 R  |9 356707  |a BIBDER  |b BIBDER  |d 2019-11-21  |i 3806189  |o 346.04691 COD 2002  |p 3806189  |r 2023-01-25  |w 2019-11-21  |y BK_R  |k DER